[Event "Skopje, hotel "]
[Site "Skopje, hotel "]
[Date "2014.04.02"]
[Round "6.74"]
[White "Veleski, Robert"]
[Black "Gjeorgjievski, Done"]
[Result "1-0"]
[WhiteElo "2248"]
[BlackElo "1784"]
[PlyCount "81"]
[EventDate "2014.03.29"]
[EventType "swiss"]
[EventRounds "9"]

1. Nf3 Nf6 2. d4 g6 3. Nc3 d5 4. g3 Bg7 5. Bg2 O-O 6. O-O Nbd7 7. Ne5 c6 8.
Nxd7 Bxd7 9. Bg5 Re8 10. Bxf6 Bxf6 11. e4 dxe4 12. Nxe4 Bg7 13. c3 Qc7 14. Nc5
Rad8 15. Qa4 e5 16. dxe5 Rxe5 17. Qxa7 Re2 18. Qxb7 Qxb7 19. Nxb7 Rb8 20. Nc5
Bf5 21. Na4 Bc2 22. b3 c5 23. Bd5 Rd8 24. Bc4 Red2 25. Rfe1 Kf8 26. Re2 Rxe2
27. Bxe2 Rd2 28. Re1 Bf5 29. Bb5 Bf6 30. Re2 Rd1+ 31. Kg2 Ra1 32. h3 h5 33.
Nxc5 Bxc3 34. Bd3 Bc8 35. a4 Bd4 36. Rc2 Ke7 37. Be4 Ra3 38. b4 Be6 39. a5 Rc3
40. Rxc3 Bxc3 41. a6 1-0

[Event "Skopje, hotel "]
[Site "Skopje, hotel "]
[Date "2014.04.02"]
[Round "6.76"]
[White "Uzumcu, Ahmet Utku"]
[Black "Halmeenmaki, Tuomo"]
[Result "1/2-1/2"]
[WhiteElo "1681"]
[BlackElo "2177"]
[PlyCount "100"]
[EventDate "2014.03.29"]
[EventType "swiss"]
[EventRounds "9"]

1. e4 d6 2. d4 Nf6 3. Nc3 g6 4. Nf3 Bg7 5. Be2 O-O 6. O-O Nc6 7. h3 e5 8. dxe5
dxe5 9. Bg5 Be6 10. Bb5 h6 11. Be3 Nd7 12. Nd5 Nd4 13. Bxd7 Nxf3+ 14. Qxf3 Bxd7
15. Bc5 Re8 16. Rad1 b6 17. Bb4 a5 18. Bc3 Ra7 19. b3 c6 20. Ne3 b5 21. Bb2 Qe7
22. c4 b4 23. Rd2 Be6 24. Rfd1 a4 25. Rd6 axb3 26. axb3 Ra2 27. Qe2 Rc8 28. Qc2
Qg5 29. Qb1 Raa8 30. Kf1 Bf8 31. R6d2 Bc5 32. Qd3 Be7 33. Qc2 Bc5 34. Qd3 Be7
35. Qc2 Rd8 36. Rxd8+ Rxd8 37. Rxd8+ Bxd8 38. Qd2 Be7 39. Ke1 Bc5 40. Ng4 Qxd2+
41. Kxd2 Bxg4 42. hxg4 f6 43. f4 exf4 44. Bxf6 Kf7 45. Be5 Be3+ 46. Kd3 Ke6 47.
Bd4 c5 48. Bxe3 fxe3 49. Kxe3 Ke5 50. g3 g5 1/2-1/2

[Event "Skopje, hotel "]
[Site "Skopje, hotel "]
[Date "2014.04.02"]
[Round "6.77"]
[White "Todorovic, Goran M"]
[Black "Dimov, Daniel"]
[Result "1-0"]
[WhiteElo "2476"]
[BlackElo "1997"]
[PlyCount "37"]
[EventDate "2014.03.29"]
[EventType "swiss"]
[EventRounds "9"]

1. e4 c5 2. Nf3 Nc6 3. d4 cxd4 4. Nxd4 Nf6 5. Nc3 a6 6. Nxc6 bxc6 7. e5 Ng8 8.
Bc4 d5 9. exd6 Qxd6 10. Qe2 Bf5 11. g4 Bd7 12. Ne4 Qg6 13. Bf4 Bxg4 14. f3 Be6
15. O-O-O Bxc4 16. Qxc4 e5 17. Bxe5 Qe6 18. Nd6+ Bxd6 19. Qxc6+ 1-0

[Event "Skopje, hotel "]
[Site "Skopje, hotel "]
[Date "2014.04.02"]
[Round "6.78"]
[White "Graeffe, Petri"]
[Black "Westerberg, Jonathan"]
[Result "1/2-1/2"]
[WhiteElo "1996"]
[BlackElo "2402"]
[PlyCount "103"]
[EventDate "2014.03.29"]
[EventType "swiss"]
[EventRounds "9"]

1. e4 c5 2. Nf3 Nc6 3. d4 cxd4 4. Nxd4 e5 5. Nf5 d5 6. exd5 Bxf5 7. dxc6 Qxd1+
8. Kxd1 Rd8+ 9. Nd2 bxc6 10. Bc4 Nf6 11. Re1 Bd6 12. f3 O-O 13. Bd3 Bxd3 14.
cxd3 Bc7 15. Ke2 Nd5 16. Nc4 Nb4 17. Rd1 Nc2 18. Rb1 Bb6 19. Be3 Bxe3 20. Nxe3
Nd4+ 21. Kf2 f5 22. Nc4 e4 23. dxe4 fxe4 24. Nd2 exf3 25. Nxf3 Rd5 26. Kg3 c5
27. Nxd4 cxd4 28. h4 Rd6 29. Rd2 Rg6+ 30. Kh3 Rf4 31. Rbd1 Rfg4 32. Rf1 Rg3+
33. Kh2 R6g4 34. Rf3 Rxf3 35. gxf3 Rxh4+ 36. Kg3 g5 37. b4 Kf7 38. b5 Ke6 39.
a4 Kd6 40. a5 Kc7 41. Rc2+ Kb7 42. Rc5 d3 43. Rd5 Rb4 44. b6 axb6 45. axb6 Rb3
46. f4 Kxb6 47. fxg5 Kc6 48. Rd8 Kc5 49. Kf2 Kc6 50. Ke3 Rb5 51. Rxd3 Rxg5 52.
Kf4 1/2-1/2

[Event "Skopje, hotel "]
[Site "Skopje, hotel "]
[Date "2014.04.02"]
[Round "6.79"]
[White "Montolio Benedicto, Cesar"]
[Black "Codenotti, Marco"]
[Result "0-1"]
[WhiteElo "1950"]
[BlackElo "2362"]
[PlyCount "124"]
[EventDate "2014.03.29"]
[EventType "swiss"]
[EventRounds "9"]

1. e4 c5 2. c3 b6 3. d4 Bb7 4. Bd3 Nf6 5. Nd2 e6 6. Ne2 Nc6 7. O-O Be7 8. Re1
O-O 9. f3 Rc8 10. Nf1 cxd4 11. cxd4 e5 12. d5 Bc5+ 13. Be3 Ne7 14. Bxc5 bxc5
15. Ne3 d6 16. Nc4 Ba6 17. Qa4 Bxc4 18. Bxc4 Qb6 19. b3 Nh5 20. Rf1 f5 21. Qb5
Qd8 22. Qa6 f4 23. Qa3 g5 24. Kf2 g4 25. Ke1 gxf3 26. gxf3 Ng6 27. Kd2 Rf7 28.
Rg1 a5 29. Qb2 Kf8 30. a4 Nh4 31. Qc3 Nf6 32. Raf1 h6 33. Kc2 Nh7 34. Qe1 h5
35. Nc3 Rcc7 36. Nb5 Rcd7 37. Kb1 Rg7 38. Qf2 Ng6 39. Qe1 Ng5 40. Rg2 Nh3 41.
Ka2 Nh4 42. Rxg7 Rxg7 43. Nxd6 Ng2 44. Qc3 Qxd6 45. Qxa5 Rb7 46. Qa8+ Rb8 47.
Qc6 Qxc6 48. dxc6 Ne3 49. Be6 Nxf1 50. Bxh3 Nxh2 51. c7 Ra8 52. c8=Q+ Rxc8 53.
Bxc8 Ke7 54. Ba6 Nxf3 55. Be2 Nd4 56. Bxh5 f3 57. Bxf3 Nxf3 58. Kb2 Ng5 59. Kc3
Nxe4+ 60. Kc4 Kd6 61. a5 Kc6 62. a6 Nd6+ 0-1

[Event "Skopje, hotel "]
[Site "Skopje, hotel "]
[Date "2014.04.02"]
[Round "6.80"]
[White "Lazov, Toni"]
[Black "Piskur, Mitja"]
[Result "1-0"]
[WhiteElo "1965"]
[BlackElo "2285"]
[PlyCount "37"]
[EventDate "2014.03.29"]
[EventType "swiss"]
[EventRounds "9"]

1. e4 c5 2. Nf3 g6 3. d4 cxd4 4. Qxd4 Nf6 5. e5 Nc6 6. Qa4 Nd5 7. Qe4 Ndb4 8.
a3 d5 9. Qe2 Na6 10. Nc3 d4 11. Ne4 Bg4 12. h3 Bxf3 13. Qxf3 Nxe5 14. Bb5+ Nd7
15. Ng5 Qa5+ 16. Bd2 Qxb5 17. Qxf7+ Kd8 18. Ne6+ Kc8 19. Qe8# 1-0

[Event "Skopje, hotel "]
[Site "Skopje, hotel "]
[Date "2014.04.02"]
[Round "6.81"]
[White "Maisuradze, Nino"]
[Black "Becker, Carsten"]
[Result "1-0"]
[WhiteElo "2274"]
[BlackElo "1986"]
[PlyCount "55"]
[EventDate "2014.03.29"]
[EventType "swiss"]
[EventRounds "9"]

1. d4 Nf6 2. c4 c5 3. d5 b5 4. Nf3 d6 5. Qc2 Na6 6. a3 Qa5+ 7. Bd2 Nb4 8. Qc1
bxc4 9. Nc3 Na6 10. e4 e5 11. dxe6 Bxe6 12. Nd5 Qa4 13. Bxc4 Bxd5 14. exd5 Nc7
15. O-O Nfxd5 16. Re1+ Be7 17. Bg5 f6 18. b3 Qd7 19. Bh4 g5 20. Qd2 Nf4 21. Bg3
Ng6 22. Qxd6 Qxd6 23. Bxd6 Kd7 24. Bxe7 Nxe7 25. Rad1+ Ke8 26. Rd6 Rf8 27. Rc6
Kd7 28. Rxc5 1-0

[Event "Skopje, hotel "]
[Site "Skopje, hotel "]
[Date "2014.04.02"]
[Round "6.82"]
[White "Berisha, Enver"]
[Black "Cretnik, Urban"]
[Result "0-1"]
[WhiteElo "2236"]
[BlackElo "1959"]
[PlyCount "59"]
[EventDate "2014.03.29"]
[EventType "swiss"]
[EventRounds "9"]

1. d4 d5 2. c4 c6 3. e3 Nf6 4. Nf3 Bf5 5. Nc3 e6 6. cxd5 cxd5 7. Qa4+ Nbd7 8.
Ne5 a6 9. f4 b5 10. Qd1 Ne4 11. Nxd7 Qxd7 12. Bd3 Nxc3 13. bxc3 Rc8 14. Bxf5
exf5 15. Bd2 Ba3 16. Rb1 O-O 17. O-O Rc4 18. Rf3 Rfc8 19. Rh3 R8c6 20. Rg3 Be7
21. Qe2 Bd8 22. Qd3 Ba5 23. Rb3 Qc8 24. Rg5 g6 25. h3 Bxc3 26. Bxc3 Rxc3 27.
Rxc3 Rxc3 28. Qd2 Rc1+ 29. Kh2 Qc3 30. Qf2 0-1

[Event "Skopje, hotel "]
[Site "Skopje, hotel "]
[Date "2014.04.02"]
[Round "6.83"]
[White "Gjergji, Rozana"]
[Black "Jefic, Srdjan"]
[Result "0-1"]
[WhiteElo "1940"]
[BlackElo "2214"]
[PlyCount "56"]
[EventDate "2014.03.29"]
[EventType "swiss"]
[EventRounds "9"]

1. e4 c5 2. Nc3 e6 3. f4 Nc6 4. Nf3 d6 5. Bb5 Bd7 6. O-O a6 7. Bxc6 Bxc6 8. d3
Nf6 9. Qe1 Qc7 10. Kh1 O-O-O 11. a3 Nd7 12. b4 d5 13. Rb1 dxe4 14. dxe4 cxb4
15. axb4 b5 16. Be3 Bb7 17. Rb3 Nb6 18. Ne5 Nc4 19. Nxc4 Qxc4 20. Nd5 Kb8 21.
Rc3 Qa2 22. Bb6 exd5 23. Bxd8 Bxb4 24. Bc7+ Ka8 25. Qe3 Bxc3 26. Qxc3 Rc8 27.
e5 d4 28. Qc5 d3 0-1

[Event "Skopje, hotel "]
[Site "Skopje, hotel "]
[Date "2014.04.02"]
[Round "6.84"]
[White "Imeri, Nazmidin"]
[Black "Pastar, Slaven"]
[Result "0-1"]
[WhiteElo "1904"]
[BlackElo "2152"]
[PlyCount "58"]
[EventDate "2014.03.29"]
[EventType "swiss"]
[EventRounds "9"]

1. e4 c5 2. Nf3 e6 3. c3 d5 4. exd5 exd5 5. Be2 Nf6 6. O-O Bd6 7. d4 O-O 8. Bg5
Nbd7 9. Nbd2 h6 10. Bh4 Re8 11. Bg3 Bxg3 12. fxg3 Qe7 13. Bb5 Qd6 14. Ne5 Nxe5
15. Bxe8 cxd4 16. Ba4 Neg4 17. Qe2 dxc3 18. bxc3 b5 19. Bb3 Ba6 20. Rf4 Re8 21.
Qf1 b4 22. c4 Qe5 23. Kh1 Ne3 24. Qc1 g5 25. Nf3 Qe7 26. Rxf6 Qxf6 27. cxd5
Nxg2 28. Ng1 Re1 29. Kxg2 Qf1+ 0-1

[Event "Skopje, hotel "]
[Site "Skopje, hotel "]
[Date "2014.04.02"]
[Round "6.85"]
[White "Batkoski, Nenad"]
[Black "Gjorshev, Ljupcho"]
[Result "0-1"]
[WhiteElo "1897"]
[BlackElo "2125"]
[PlyCount "94"]
[EventDate "2014.03.29"]
[EventType "swiss"]
[EventRounds "9"]

1. e4 c5 2. Nf3 Nc6 3. c3 h6 4. d4 cxd4 5. cxd4 d5 6. e5 Bf5 7. Qb3 Qd7 8. Nc3
e6 9. Be3 Bb4 10. Bb5 Nge7 11. a3 Ba5 12. O-O Bxc3 13. Qxc3 O-O 14. Rac1 Rfc8
15. Qd2 Be4 16. Rc3 Bxf3 17. gxf3 Nf5 18. Rfc1 a6 19. Ba4 Qd8 20. Bc2 Nce7 21.
Bb1 Rxc3 22. Rxc3 Nh4 23. Bxh6 gxh6 24. Qxh6 Nef5 25. Qh5 Rc8 26. Qg4+ Kf8 27.
Qh5 Rxc3 28. bxc3 Qg5+ 29. Qxg5 Nxf3+ 30. Kf1 Nxg5 31. Ke2 Ke7 32. f4 Ne4 33.
Kd3 b5 34. Bc2 Nh4 35. Bb3 Nf3 36. h3 Ng1 37. h4 Kf8 38. a4 Nf3 39. axb5 axb5
40. h5 Kg7 41. f5 Kh6 42. fxe6 fxe6 43. Kc2 Kh7 44. Kc1 Kh6 45. Kb1 Kh7 46. Kc2
Kh6 47. Kd3 Ng1 0-1

[Event "Skopje, hotel "]
[Site "Skopje, hotel "]
[Date "2014.04.02"]
[Round "6.87"]
[White "Percivaldi, Martin"]
[Black "Atanasov, Sande"]
[Result "1-0"]
[WhiteElo "2109"]
[BlackElo "1897"]
[PlyCount "107"]
[EventDate "2014.03.29"]
[EventType "swiss"]
[EventRounds "9"]

1. d4 Nf6 2. c4 d5 3. cxd5 Qxd5 4. Nc3 Qh5 5. Nf3 Bg4 6. Ne5 Bc8 7. Qa4+ c6 8.
e3 Nfd7 9. Be2 Qh4 10. Nf3 Qg4 11. O-O Nb6 12. Qc2 f6 13. e4 Qg6 14. Bf4 h5 15.
Bd3 Qg4 16. Bxb8 Rxb8 17. e5 f5 18. h3 Qf4 19. Ne2 Qh6 20. Bxf5 g5 21. Bxc8
Rxc8 22. Qf5 g4 23. Ng5 gxh3 24. gxh3 h4 25. f4 Qh5 26. Nc3 Bh6 27. Nce4 Bxg5
28. fxg5 Kd8 29. Nc5 Kc7 30. Ne6+ Kb8 31. Nf4 Qe8 32. Kh1 Nc4 33. Qd3 Qg8 34.
b3 Nb6 35. g6 Nd5 36. Qe4 Rh6 37. e6 Nf6 38. Qe5+ Ka8 39. Rac1 Rd8 40. Rc5 Rd6
41. Rg1 b6 42. Rc2 Kb7 43. Rcg2 Nd5 44. Nxd5 Rxd5 45. Qe4 Qg7 46. Rg4 Rh8 47.
Rf1 Rf8 48. Rf7 Qg8 49. g7 Rfd8 50. Rxh4 Rxd4 51. Qxd4 Rxd4 52. Rh8 Rd8 53.
Rxg8 Rxg8 54. Rxe7+ 1-0

[Event "Skopje, hotel "]
[Site "Skopje, hotel "]
[Date "2014.04.02"]
[Round "6.88"]
[White "Stosevski, Ilja"]
[Black "Nikolovska, Dragana"]
[Result "1-0"]
[WhiteElo "2108"]
[BlackElo "1880"]
[PlyCount "61"]
[EventDate "2014.03.29"]
[EventType "swiss"]
[EventRounds "9"]

1. g4 d5 2. Bg2 Bxg4 3. c4 c6 4. cxd5 cxd5 5. Qb3 Nf6 6. Nc3 e6 7. Qxb7 Nbd7 8.
d4 Qc8 9. Qxc8+ Rxc8 10. Bd2 Be7 11. f3 Bh5 12. Nh3 Nb6 13. Nf4 Nc4 14. b3 Nxd2
15. Kxd2 Bb4 16. Rhc1 Kd7 17. Nxh5 Nxh5 18. e3 a6 19. Bf1 Rc6 20. a3 Bd6 21. b4
Bxh2 22. b5 Rc7 23. bxa6 Ng3 24. Bb5+ Kd6 25. Bd3 Kd7 26. Nb5 Rxc1 27. Rxc1 Nf5
28. f4 Ra8 29. Bxf5 exf5 30. Rc7+ Ke6 31. Rb7 1-0

[Event "Skopje, hotel "]
[Site "Skopje, hotel "]
[Date "2014.04.02"]
[Round "6.89"]
[White "Tairi, Krenar"]
[Black "Kollari, Suleyman"]
[Result "1/2-1/2"]
[WhiteElo "1886"]
[BlackElo "2104"]
[PlyCount "47"]
[EventDate "2014.03.29"]
[EventType "swiss"]
[EventRounds "9"]

1. d4 Nf6 2. c4 e6 3. Nf3 b6 4. e3 Bb7 5. Bd3 d5 6. b3 c5 7. Bb2 Be7 8. Nbd2
Nc6 9. Qc2 Nb4 10. Qb1 Nxd3+ 11. Qxd3 O-O 12. O-O Ne4 13. Qc2 Nxd2 14. Nxd2
cxd4 15. Bxd4 Bf6 16. Bxf6 Qxf6 17. cxd5 exd5 18. e4 dxe4 19. Nxe4 Bxe4 20.
Qxe4 Rfe8 21. Qc4 Rec8 22. Qe4 Re8 23. Qc4 Rec8 24. Qe4 1/2-1/2

[Event "Skopje, hotel "]
[Site "Skopje, hotel "]
[Date "2014.04.02"]
[Round "6.90"]
[White "Saracy, Nderim"]
[Black "Vukelic, Zvonimir"]
[Result "1-0"]
[WhiteElo "2090"]
[BlackElo "1875"]
[PlyCount "97"]
[EventDate "2014.03.29"]
[EventType "swiss"]
[EventRounds "9"]

1. e4 c6 2. d4 d5 3. Nc3 dxe4 4. Nxe4 Nf6 5. Nxf6+ exf6 6. Nf3 Bg4 7. Be2 Nd7
8. Be3 Qc7 9. Qd2 Nb6 10. Bf4 Bd6 11. Qe3+ Be6 12. Bxd6 Qxd6 13. O-O O-O 14. b3
Bf5 15. c4 Qc7 16. Bd3 Bxd3 17. Qxd3 Rad8 18. Rfe1 Rfe8 19. Re3 Qd7 20. Rae1
Rxe3 21. fxe3 Re8 22. e4 g6 23. h3 Nc8 24. c5 Qc7 25. b4 a6 26. d5 Qg3 27. dxc6
bxc6 28. Qd7 Rf8 29. Qxc6 Qb8 30. Rb1 Kg7 31. Qxa6 Qf4 32. Qc6 Qe3+ 33. Kh1 Qd3
34. Re1 Na7 35. Qd5 Qa3 36. Rb1 Nb5 37. Qb3 Qa8 38. a4 Nc7 39. Qc2 Re8 40. c6
Qb8 41. b5 Qb6 42. Qd2 Ra8 43. e5 f5 44. Qd4 Qxd4 45. Nxd4 Rxa4 46. b6 Na6 47.
c7 Nxc7 48. bxc7 Rc4 49. Nb5 1-0

[Event "Skopje, hotel "]
[Site "Skopje, hotel "]
[Date "2014.04.02"]
[Round "6.91"]
[White "Cvetkovski, Slobodan"]
[Black "Balokas, Dimitrios"]
[Result "1-0"]
[WhiteElo "1876"]
[BlackElo "2085"]
[PlyCount "69"]
[EventDate "2014.03.29"]
[EventType "swiss"]
[EventRounds "9"]

1. e4 c5 2. Nf3 d6 3. d4 cxd4 4. Nxd4 Nf6 5. Nc3 a6 6. Bc4 e6 7. Be3 b5 8. Bb3
Qc7 9. f3 Nbd7 10. Qd2 Nc5 11. O-O-O Bd7 12. Kb1 b4 13. Nce2 a5 14. c4 a4 15.
Bc2 e5 16. Nb5 Bxb5 17. cxb5 b3 18. Bd3 a3 19. Bxc5 bxa2+ 20. Ka1 axb2+ 21.
Qxb2 Qxc5 22. b6 Be7 23. Rc1 Qxc1+ 24. Rxc1 O-O 25. Rc7 Bd8 26. Ra7 Rb8 27. b7
Nd7 28. Ra8 Bb6 29. Rxb8 Rxb8 30. Bb5 Nc5 31. Bc6 Bc7 32. Kxa2 h6 33. Nc3 Ba5
34. Nd5 Kh7 35. Qa3 1-0

[Event "Skopje, hotel "]
[Site "Skopje, hotel "]
[Date "2014.04.02"]
[Round "6.92"]
[White "Arizanov, Tome"]
[Black "Karatrajkov, Nikola"]
[Result "1/2-1/2"]
[WhiteElo "2078"]
[BlackElo "1766"]
[PlyCount "88"]
[EventDate "2014.03.29"]
[EventType "swiss"]
[EventRounds "9"]

1. Nf3 Nf6 2. g3 b5 3. Bg2 Bb7 4. O-O e6 5. d3 Be7 6. a4 bxa4 7. Rxa4 O-O 8. c4
c5 9. Bd2 Nc6 10. Na3 d6 11. Nc2 Qc7 12. b4 Nxb4 13. Nxb4 cxb4 14. Bxb4 a5 15.
Bc3 Bc6 16. Ra2 a4 17. Nd4 Bxg2 18. Kxg2 d5 19. Rxa4 Rxa4 20. Qxa4 dxc4 21.
Qxc4 Qxc4 22. dxc4 Rc8 23. Ra1 Ne4 24. Be1 Rxc4 25. Ra8+ Bf8 26. e3 Nd6 27. Rb8
Rc8 28. Rb1 Ne4 29. f3 Nf6 30. g4 Nd5 31. Rb3 g5 32. h4 h6 33. h5 Bg7 34. Ne2
Be5 35. Bg3 Bf6 36. f4 Kg7 37. Kf3 Be7 38. e4 Nxf4 39. Nxf4 gxf4 40. Bxf4 Bf6
41. e5 Bh4 42. Be3 Rc4 43. Rd3 Ra4 44. Bd4 Bg5 1/2-1/2

[Event "Skopje, hotel "]
[Site "Skopje, hotel "]
[Date "2014.04.02"]
[Round "6.93"]
[White "Citoler Serrat, Adriano"]
[Black "Hoffmann, Max"]
[Result "1-0"]
[WhiteElo "1871"]
[BlackElo "2063"]
[PlyCount "97"]
[EventDate "2014.03.29"]
[EventType "swiss"]
[EventRounds "9"]

1. e4 c5 2. Nf3 Nc6 3. d4 cxd4 4. Nxd4 g6 5. Nc3 Bg7 6. Nde2 Nf6 7. g3 Qb6 8.
Bg2 d6 9. O-O O-O 10. Be3 Qa5 11. Nd5 Ng4 12. Bd2 Qd8 13. Bc3 f6 14. Nd4 Nge5
15. f4 Nxd4 16. Qxd4 Nc6 17. Qd2 e6 18. Ne3 b5 19. Kh1 Qb6 20. b3 b4 21. Bb2
Ba6 22. Rfe1 Rad8 23. c4 f5 24. exf5 Bxb2 25. Qxb2 gxf5 26. Nd5 Qd4 27. Qe2
exd5 28. Rad1 Rfe8 29. Qxe8+ Rxe8 30. Rxe8+ Kf7 31. Rxd4 Nxd4 32. Ra8 dxc4 33.
Bd5+ Kf6 34. bxc4 Ne6 35. Rxa7 Nc5 36. Rxh7 Ne4 37. Ra7 Bc8 38. Ra8 Bd7 39.
Bxe4 fxe4 40. Rb8 Kf5 41. Rxb4 e3 42. Kg2 Ke4 43. Kf1 Kd3 44. Ke1 Kd4 45. h4
Bg4 46. a4 Kc5 47. Rb3 Kxc4 48. Rxe3 d5 49. Kd2 1-0

[Event "Skopje, hotel "]
[Site "Skopje, hotel "]
[Date "2014.04.02"]
[Round "6.94"]
[White "Ilic, Slobodan S"]
[Black "Jovchev, Riste"]
[Result "1-0"]
[WhiteElo "2055"]
[BlackElo "1749"]
[PlyCount "89"]
[EventDate "2014.03.29"]
[EventType "swiss"]
[EventRounds "9"]

1. c4 e5 2. Nc3 Nf6 3. g3 Nc6 4. Bg2 Bc5 5. e3 d6 6. Nge2 Qe7 7. d3 Bf5 8. O-O
O-O 9. d4 Bb6 10. a3 exd4 11. Nxd4 Bxd4 12. exd4 h6 13. h3 Rfe8 14. Kh2 Qd7 15.
b4 a6 16. Be3 Ne4 17. Ne2 Ne7 18. Nf4 d5 19. c5 c6 20. Qb3 Bh7 21. a4 Nf5 22.
Rae1 Nxe3 23. Qxe3 Nxc5 24. Qa3 Ne4 25. Qb2 Nd6 26. Qc3 g5 27. Nh5 Re6 28. Rxe6
Qxe6 29. Re1 Ne4 30. Bxe4 dxe4 31. d5 Qg6 32. Nf6+ Kh8 33. dxc6 bxc6 34. Rxe4
Rc8 35. Re7 Kg7 36. Nd7+ Kg8 37. Ne5 Qd6 38. Ra7 f6 39. Ng4 Bg6 40. Nxf6+ Kf8
41. Nh7+ Bxh7 42. Qh8+ Bg8 43. Qg7+ Ke8 44. Qxg8+ Qf8 45. Qe6+ 1-0

[Event "Skopje, hotel "]
[Site "Skopje, hotel "]
[Date "2014.04.02"]
[Round "6.95"]
[White "Injac, Teodora"]
[Black "Schleich, Theodor"]
[Result "1-0"]
[WhiteElo "1871"]
[BlackElo "2052"]
[PlyCount "61"]
[EventDate "2014.03.29"]
[EventType "swiss"]
[EventRounds "9"]

1. d4 e6 2. c4 b6 3. a3 Bb7 4. Nc3 f5 5. d5 Nf6 6. Nf3 Bd6 7. g3 Na6 8. Bg2 Nc5
9. O-O O-O 10. Nb5 Qe7 11. Nxd6 cxd6 12. Nd4 Rac8 13. b4 Na6 14. Qb3 Rfe8 15.
Bb2 Ne4 16. Rad1 Nc7 17. Qd3 Qf7 18. f3 Nf6 19. e4 g6 20. Ne2 Rf8 21. g4 e5 22.
exf5 gxf5 23. Qxf5 b5 24. f4 Qg6 25. fxe5 Nxg4 26. Qxg6+ hxg6 27. exd6 Rxf1+
28. Bxf1 Ne8 29. c5 Ne3 30. Rd3 Nxd5 31. Bg2 1-0

[Event "Skopje, hotel "]
[Site "Skopje, hotel "]
[Date "2014.04.02"]
[Round "6.96"]
[White "Aydin, Kaan Ayhan"]
[Black "Mattes, Heinz"]
[Result "1-0"]
[WhiteElo "1795"]
[BlackElo "2043"]
[PlyCount "123"]
[EventDate "2014.03.29"]
[EventType "swiss"]
[EventRounds "9"]

1. d4 Nf6 2. Bg5 g6 3. Bxf6 exf6 4. Nf3 Bg7 5. e3 O-O 6. Bd3 d6 7. Nbd2 f5 8.
h4 h5 9. c3 Nd7 10. Qb3 Nf6 11. Ng5 Qe7 12. O-O-O a5 13. e4 a4 14. Qc2 Ng4 15.
exf5 Nxf2 16. fxg6 Nxd3+ 17. Qxd3 fxg6 18. Rde1 Qf6 19. Qc4+ Kh8 20. Rhf1 Bf5
21. Nde4 d5 22. Qxd5 Bxe4 23. Qxe4 Qxf1 24. Rxf1 Rxf1+ 25. Kd2 Rf5 26. Qxb7
Raf8 27. Kd3 Bh6 28. Ne6 R8f7 29. Kc4 Bf4 30. d5 Re7 31. Kc5 Bg3 32. Kc6 Bxh4
33. Qc8+ Kh7 34. Nxc7 Rf6+ 35. Ne6 Bg3 36. c4 Be5 37. b4 a3 38. b5 Rc7+ 39.
Qxc7+ Bxc7 40. Kxc7 Rf2 41. d6 Rxa2 42. Ng5+ Kh6 43. Ne4 Rc2 44. c5 a2 45. d7
a1=Q 46. d8=Q Qe5+ 47. Qd6 Qxe4 48. c6 Rf2 49. Kb6 Qc4 50. Qc5 Qa2 51. c7 Rf6+
52. Kb7 Qxg2+ 53. Kb8 Qg3 54. b6 h4 55. b7 h3 56. Ka7 h2 57. c8=Q Rf5 58. Qh8+
Kg5 59. Qc1+ Kg4 60. Qd1+ Rf3 61. b8=Q Qg1+ 62. Qhd4+ 1-0

[Event "Skopje, hotel "]
[Site "Skopje, hotel "]
[Date "2014.04.02"]
[Round "6.98"]
[White "Rykov, Ivan"]
[Black "Markovski, Velo"]
[Result "1/2-1/2"]
[WhiteElo "1783"]
[BlackElo "2017"]
[PlyCount "65"]
[EventDate "2014.03.29"]
[EventType "swiss"]
[EventRounds "9"]

1. d4 e6 2. c4 f5 3. g3 Bb4+ 4. Nd2 Nf6 5. Bg2 Nc6 6. Ngf3 Ne4 7. O-O Bxd2 8.
Bxd2 O-O 9. Ne5 Nxd4 10. Bxe4 fxe4 11. Bb4 Nc6 12. Nxc6 bxc6 13. Bxf8 Qxf8 14.
Qd4 d5 15. f3 e5 16. Qxe5 Bh3 17. fxe4 Qc5+ 18. Kh1 Bxf1 19. Rxf1 Qxc4 20. exd5
Qxd5+ 21. Qxd5+ cxd5 22. Rc1 Rc8 23. Rc6 d4 24. Ra6 c5 25. Kg2 c4 26. Rd6 c3
27. bxc3 dxc3 28. Rd1 c2 29. Rc1 Kf7 30. Kf3 Ke6 31. Ke3 Ke5 32. Kd3 Rd8+ 33.
Ke3 1/2-1/2

[Event "Skopje, hotel "]
[Site "Skopje, hotel "]
[Date "2014.04.02"]
[Round "6.99"]
[White "Arda, Cagil Irmak"]
[Black "Bejatovic, Bojana"]
[Result "1-0"]
[WhiteElo "1753"]
[BlackElo "2016"]
[PlyCount "65"]
[EventDate "2014.03.29"]
[EventType "swiss"]
[EventRounds "9"]

1. e4 d6 2. d4 Nf6 3. Nc3 Nbd7 4. f4 e6 5. Nf3 c5 6. dxc5 Nxc5 7. e5 Nfe4 8.
Nxe4 Nxe4 9. Be3 Qa5+ 10. c3 dxe5 11. Nxe5 Bd6 12. Nc4 Qd5 13. Nxd6+ Nxd6 14.
Qxd5 exd5 15. O-O-O Be6 16. Bd4 f6 17. Be2 Kf7 18. g4 Rhe8 19. Rhe1 Ne4 20. Bg1
d4 21. Rxd4 f5 22. Bc4 Nf6 23. Rxe6 Rxe6 24. gxf5 g6 25. fxe6+ Ke7 26. Bf2 Ng4
27. Bh4+ Ke8 28. Bb5+ Kf8 29. e7+ Kf7 30. e8=Q+ Rxe8 31. Bxe8+ Kxe8 32. Re4+
Kf7 33. Re7+ 1-0

[Event "Skopje, hotel "]
[Site "Skopje, hotel "]
[Date "2014.04.02"]
[Round "6.100"]
[White "Forsaa, Elise"]
[Black "Papp, Petra"]
[Result "0-1"]
[WhiteElo "1830"]
[BlackElo "2302"]
[PlyCount "102"]
[EventDate "2014.03.29"]
[EventType "swiss"]
[EventRounds "9"]

1. e4 c5 2. d3 Nc6 3. f4 g6 4. Nf3 Bg7 5. Be2 e6 6. O-O Nge7 7. Nbd2 O-O 8. c3
d5 9. Qe1 b5 10. Qh4 c4 11. Kh1 cxd3 12. Bxd3 dxe4 13. Bxe4 Nd5 14. a4 b4 15.
cxb4 Qxh4 16. Nxh4 Ncxb4 17. Nb3 Ba6 18. Rd1 Rac8 19. Nf3 Nc2 20. Rb1 Nf6 21.
Bxc2 Rxc2 22. Nbd4 Rcc8 23. Bd2 Ng4 24. Kg1 Rc4 25. Nb3 Rb8 26. Na5 Rxa4 27. h3
Nf6 28. b3 Re4 29. Nc6 Ra8 30. Ra1 Be2 31. Rdc1 Bxf3 32. gxf3 Re2 33. Bc3 Nd5
34. Be5 a6 35. b4 f6 36. Bd6 Rb2 37. Re1 Kf7 38. Ra5 Bh6 39. Re4 Nc3 40. Rc4
Ne2+ 41. Kf1 Ng3+ 42. Ke1 Nf5 43. Bc5 g5 44. Ba7 gxf4 45. Rxa6 Ne3 46. Rc3 Bg5
47. Bxe3 Rxa6 48. Bc1 Rh2 49. Na5 Rd6 50. Rc7+ Kg6 51. b5 Bh4+ 0-1

[Event "Skopje, hotel "]
[Site "Skopje, hotel "]
[Date "2014.04.02"]
[Round "6.101"]
[White "Thiel, Kuno"]
[Black "Can, Isik"]
[Result "1-0"]
[WhiteElo "2168"]
[BlackElo "1762"]
[PlyCount "131"]
[EventDate "2014.03.29"]
[EventType "swiss"]
[EventRounds "9"]

1. Nf3 Nf6 2. c4 e6 3. g3 b6 4. Bg2 Bb7 5. O-O Be7 6. b3 O-O 7. Bb2 c5 8. e3 d6
9. Qe2 Nbd7 10. Rd1 Qc7 11. Nc3 a6 12. e4 Rfd8 13. d4 cxd4 14. Nxd4 Ne5 15. f4
Nc6 16. Nf3 b5 17. Kh1 bxc4 18. Qxc4 Ng4 19. Qe2 Qb6 20. Na4 Qe3 21. Re1 Nf2+
22. Kg1 Qxe2 23. Rxe2 Nd3 24. Bc3 Rab8 25. Rd1 Nc5 26. Nxc5 dxc5 27. Red2 Rxd2
28. Rxd2 Rd8 29. Rxd8+ Bxd8 30. Nd2 Ba5 31. Bxa5 Nxa5 32. Kf2 Kf8 33. Ke3 Ke7
34. Kd3 Bc6 35. Kc3 f5 36. Bf3 Kd6 37. exf5 exf5 38. Be2 Bb5 39. Bd3 Bxd3 40.
Kxd3 Kd5 41. Kc3 h6 42. Nf3 Nc6 43. Nh4 Ne7 44. Kd3 h5 45. Ng2 Kc6 46. Kc4 Nc8
47. Ne3 Nd6+ 48. Kd3 g6 49. Ng2 Nc8 50. Kc3 Ne7 51. Kc4 Kd6 52. Nh4 Nc6 53. a3
Ne7 54. Nf3 Kc6 55. a4 Nd5 56. Ne5+ Kd6 57. Nxg6 Ne3+ 58. Kd3 Nf1 59. Nh4 Nxh2
60. Nxf5+ Ke6 61. Ng7+ Kf7 62. Nxh5 Kg6 63. g4 Nxg4 64. Ng3 Nf6 65. Kc4 Nd7 66.
Kd5 1-0

[Event "Skopje, hotel "]
[Site "Skopje, hotel "]
[Date "2014.04.02"]
[Round "6.102"]
[White "Konstantinov, Aleksandar"]
[Black "Brzezinski, Adam"]
[Result "0-1"]
[WhiteElo "1828"]
[BlackElo "2165"]
[PlyCount "38"]
[EventDate "2014.03.29"]
[EventType "swiss"]
[EventRounds "9"]

1. e4 e5 2. Nf3 Nc6 3. Bb5 Bc5 4. O-O d6 5. c3 Nf6 6. d3 h6 7. Nbd2 O-O 8. h3
Be6 9. Re1 Qd7 10. Nf1 a6 11. Ba4 b5 12. Bc2 Ne7 13. Be3 Ba7 14. Bxa7 Rxa7 15.
Ng3 Ng6 16. Ne2 Bxh3 17. gxh3 Qxh3 18. Nh2 Nh4 19. Nf4 exf4 0-1